|
|
|
|
| LEADER |
00000naa2a2200000 4500 |
| 001 |
311742 |
| 005 |
20260129103507.0 |
| 035 |
|
|
|a (RuTPU)RU\TPU\book\337107
|
| 035 |
|
|
|a RU\TPU\book\337103
|
| 090 |
|
|
|a 311742
|
| 100 |
|
|
|a 20151211d2014 k y0rusy50 ca
|
| 101 |
0 |
|
|a rus
|
| 102 |
|
|
|a RU
|
| 200 |
1 |
|
|a Восстановление нефтезагрязненных земель
|f И. Д. Алборов, С. А. Бекузарова
|
| 320 |
|
|
|a Библиогр.: с. 246 (6 назв.)
|
| 463 |
|
0 |
|0 (RuTPU)RU\TPU\book\111514
|y 978-5-00081-014-9
|t Образование, охрана труда и здоровье
|o материалы IV Международной заочной научно-практической конференции, г. Владикавказ, 25 апреля 2014 г.
|f Общероссийский Профсоюз образования ; Профессиональный союз работников народного образования и науки Российской Федерации (Общероссийский Профсоюз образования), Северо-Осетинская республиканская орзанизация ; Общероссийская общественная организация содействия укреплению здоровья в системе образования , Северо-Осетинское региональное отделение
|v С. 242-246
|d 2014
|
| 700 |
|
1 |
|a Алборов
|b И. Д.
|
| 701 |
|
1 |
|a Бекузарова
|b С. А.
|
| 801 |
|
1 |
|a RU
|b 63413507
|c 20151129
|
| 801 |
|
2 |
|a RU
|b 63413507
|c 20151211
|g RCR
|
| 942 |
|
|
|c BK
|